00648nam a2200169Ia 4500952015300000999001700153003000400170005001700174008004100191040000900232082002100241100002900262245008200291260004800373300000900421942004800430 00102ddc40708COMMERCEaMESbMEScCOMMd2019-02-20g120.00l1m1o380.10934 RAT/Ep16969r2026-02-10 15:06:25s2026-01-20w2019-02-20yBKzGL52R4 c19916d19916OSt20200610101223.0190216s9999||||xx |||||||||||||| ||und|| coclc a380.10934bRAT/E aRatnagar, Shereen 92721 0aEncounters The Westerly Trade Of The Harappa Civilization /cShereen Ratnagar bOxford University Press,c1981.aNew Delhi: a294p cBK2ddch380.10934iRAT/Ek380.10934mRAT/E